Rainbow do you know where / (Record no. 197789)
[ view plain ]
| 000 -LEADER | |
|---|---|
| fixed length control field | 00704nam a22002057a 4500 |
| 005 - DATE AND TIME OF LATEST TRANSACTION | |
| control field | 20230904115139.0 |
| 010 ## - LCCN (DPL NO) | |
| LC control number | B-755804 |
| 020 ## - INTERNATIONAL STANDARD BOOK NUMBER | |
| International Standard Book Number | 9788181534781 |
| Terms of availability | 170.00 |
| 035 ## - SYSTEM CONTROL NUMBER | |
| System control number | B-755804 |
| 037 ## - SOURCE OF ACQUISITION | |
| Stock number | DPL |
| Source of stock number/acquisition | Rainbow Books |
| 082 ## - DEWEY DECIMAL CLASSIFICATION NUMBER | |
| Classification number | 000 |
| 245 ## - TITLE STATEMENT | |
| Title | Rainbow do you know where / |
| Statement of responsibility, etc | compiled and edited by Aryan and Aakanksha |
| 260 ## - PUBLICATION, DISTRIBUTION, ETC. (IMPRINT) | |
| Place of publication, distribution, etc | New Delhi |
| Name of publisher, distributor, etc | Rainbow Books |
| Date of publication, distribution, etc | 2016 |
| 270 ## - ADDRESS | |
| Address | F-32, Street No.12, Parwana Road, Jagat Puri, |
| City | New Delhi |
| Postal code | 110051 |
| 300 ## - PHYSICAL DESCRIPTION | |
| Extent | 64p. |
| Dimensions | 25cm(Hb) |
| Other physical details | col. |
| 700 ## - ADDED ENTRY--PERSONAL NAME | |
| Personal name | Aryan |
| Relator term | comp. and ed. |
| 9 (RLIN) | 55855 |
| 700 ## - ADDED ENTRY--PERSONAL NAME | |
| Personal name | and Aakanksha |
| Relator term | comp. and ed. |
| 9 (RLIN) | 55856 |
| 942 ## - ADDED ENTRY ELEMENTS (KOHA) | |
| Source of classification or shelving scheme | Dewey Decimal Classification |
| Item type | Children Books |
| Call number suffix | RAI |
| Classification part | 000 |
| Withdrawn status | Lost status | Not for loan | Collection code | Home library | Current library | Date acquired | Source of acquisition | Cost, normal purchase price | Full call number | Barcode | Copy number | Cost, replacement price | Koha item type | Public note |
|---|---|---|---|---|---|---|---|---|---|---|---|---|---|---|
| Non-fiction | Ashok Vihar | Ashok Vihar | 04/09/2023 | 4.9.23/Gift | 220.00 | RAI 000 | B-755804 | 1 | 220.00 | Children Books | Gift |
